[Event "RUS Cup tt"]
[Site "Sochi"]
[Date "2023.12.01"]
[Round "5.18"]
[White "Gedgafov, Chamal"]
[Black "Ermakov, Maksim"]
[Result "0-1"]
[WhiteElo "2074"]
[BlackElo "2174"]
[PlyCount "102"]
[EventDate "2023.11.27"]
[EventType "team-swiss"]
[EventRounds "7"]
[EventCountry "RUS"]
[SourceTitle "CBM 217 Extra"]
[Source "ChessBase"]
[SourceDate "2024.01.31"]
[SourceVersion "1"]
[SourceVersionDate "2024.01.31"]
[SourceQuality "1"]
[WhiteTeam "Sport lits s Poda"]
[BlackTeam "Vserossiyskoe slepykh"]
[WhiteTeamCountry "RUS"]
[BlackTeamCountry "RUS"]

1. d4 Nf6 2. c4 e6 3. Nf3 d5 4. Nc3 c6 5. cxd5 exd5 6. Bg5 Bf5 7. e3 Qb6 8. Bd3 Qxb2 9. Bxf5 Qxc3+ 10. Kf1 Be7 11. h3 0-0 12. g4 g6 13. Bd3 Nbd7 14. Rb1 c5 15. Rxb7 c4 16. Bc2 Bd6 17. Ba4 Rfd8 18. Kg2 Rab8 19. Qb1 Rxb7 20. Qxb7 Rb8 21. Qc6 Qa3 22. Bh6 Nb6 23. Rb1 Ne4 24. Bc2 Nc3 25. Re1 Bf8 26. Bf4 Rc8 27. Qb7 Qe7 28. Qa6 f6 29. g5 Bg7 30. a4 Re8 31. gxf6 Bxf6 32. Kh2 Rf8 33. a5 Nc8 34. Rg1 Bg7 35. Rg2 Qe8 36. Ne5 Ne2 37. Nxg6 hxg6 38. Bxg6 Qe7 39. Bh6 Qd6+ 40. Qxd6 Nxd6 41. Bxg7 Kxg7 42. Bh5+ Kh6 43. Bxe2 Rb8 44. f3 Re8 45. e4 dxe4 46. f4 c3 47. Bd1 e3 48. Re2 Nf5 49. Rc2 Rc8 50. Bg4 Nxd4 51. Bxc8 Nxc2 0-1

[Event "RUS Cup tt"]
[Site "Sochi"]
[Date "2023.11.30"]
[Round "4.14"]
[White "Lebedev, Artem S"]
[Black "Gedgafov, Chamal"]
[Result "1-0"]
[WhiteElo "2033"]
[BlackElo "2074"]
[PlyCount "73"]
[EventDate "2023.11.27"]
[EventType "team-swiss"]
[EventRounds "7"]
[EventCountry "RUS"]
[SourceTitle "CBM 217 Extra"]
[Source "ChessBase"]
[SourceDate "2024.01.31"]
[SourceVersion "1"]
[SourceVersionDate "2024.01.31"]
[SourceQuality "1"]
[WhiteTeam "Krasnodarsk Region"]
[BlackTeam "Sport lits s Poda"]
[WhiteTeamCountry "RUS"]
[BlackTeamCountry "RUS"]

1. e4 e6 2. b3 d5 3. Bb2 Nf6 4. e5 Nfd7 5. Qg4 c5 6. f4 Nc6 7. Nf3 g6 8. Be2 Bg7 9. 0-0 b6 10. Nc3 a6 11. Nd1 Bb7 12. d4 Ne7 13. Ne3 Rc8 14. Qh3 b5 15. Rad1 Qb6 16. Kh1 b4 17. c4 bxc3 18. Bxc3 Nc6 19. Bb2 Nxd4 20. Nxd4 cxd4 21. Bxd4 Qa5 22. f5 exf5 23. Nxf5 gxf5 24. e6 Ne5 25. Qxf5 Qc7 26. Bxe5 Bxe5 27. Rc1 f6 28. Rxc7 Rxc7 29. Qg4 Kf8 30. Qb4+ Kg7 31. Bh5 Kh6 32. Qh4 Rf8 33. Be8+ Kg7 34. Bd7 Rxd7 35. exd7 Rd8 36. Qb4 Rxd7 37. Qg4+ 1-0

[Event "RUS Cup tt"]
[Site "Sochi"]
[Date "2023.11.27"]
[Round "1.14"]
[White "Kholin, Aleksandr1"]
[Black "Gedgafov, Chamal"]
[Result "1-0"]
[WhiteElo "2297"]
[BlackElo "2074"]
[PlyCount "87"]
[EventDate "2023.11.27"]
[EventType "team-swiss"]
[EventRounds "7"]
[EventCountry "RUS"]
[SourceTitle "CBM 217 Extra"]
[Source "ChessBase"]
[SourceDate "2024.01.31"]
[SourceVersion "1"]
[SourceVersionDate "2024.01.31"]
[SourceQuality "1"]
[WhiteTeam "Donetsk"]
[BlackTeam "Sport lits s Poda"]
[WhiteTeamCountry "RUS"]
[BlackTeamCountry "RUS"]

1. Nf3 d5 2. d4 Nf6 3. e3 c5 4. b3 Bg4 5. Bb2 e6 6. Nbd2 Nc6 7. h3 Bh5 8. Be2 Be7 9. dxc5 Bxc5 10. a3 0-0 11. 0-0 Qe7 12. b4 Bb6 13. c4 Rfd8 14. cxd5 exd5 15. Nb3 Ne4 16. Nfd4 Bg6 17. Nxc6 bxc6 18. Bd4 Bc7 19. Rc1 Qd6 20. f4 Ng3 21. Rf3 Nxe2+ 22. Qxe2 f6 23. Qa6 Bb6 24. Bxb6 axb6 25. Qxb6 Rdb8 26. Qxc6 Qxc6 27. Rxc6 Rxa3 28. Nc5 Ra1+ 29. Kh2 Rb1 30. f5 Bf7 31. Rg3 Rd8 32. Rc7 g6 33. fxg6 hxg6 34. Nd7 Kg7 35. Rf3 Rxb4 36. Nxf6 Rf8 37. Nd7 Re8 38. Nc5 Rc4 39. Rfxf7+ Kh6 40. e4 Rd4 41. Rfd7 Rd2 42. Rxd5 Rc2 43. Rdd7 Ra2 44. Re7 1-0

[Event "Titled Tuesday intern op 14th Feb Early"]
[Site "Chess.com INT"]
[Date "2023.02.14"]
[Round "1"]
[White "Gedgafov, Chamal"]
[Black "Martynov, Pavel"]
[Result "0-1"]
[WhiteElo "2118"]
[BlackElo "2414"]
[PlyCount "88"]
[EventDate "2023.02.14"]
[EventType "swiss (blitz)"]
[EventRounds "11"]
[EventCountry "USA"]
[SourceTitle "CBM 212 Extra"]
[Source "ChessBase"]
[SourceDate "2023.03.31"]
[SourceVersion "1"]
[SourceVersionDate "2023.03.31"]
[SourceQuality "1"]

1. d4 d5 2. c4 e6 3. Nc3 c5 4. cxd5 exd5 5. Nf3 Nc6 6. g3 Nf6 7. Bg2 Be7 8. Bg5 0-0 9. dxc5 Bxc5 10. 0-0 d4 11. Na4 Be7 12. Rc1 h6 13. Bd2 Re8 14. Nc5 Qb6 15. Nd3 Bf5 16. a3 Bxd3 17. exd3 Qxb2 18. Rb1 Qxa3 19. Rxb7 Qxd3 20. Qa4 Rac8 21. Rd1 Nd8 22. Rxa7 Ne6 23. Bxh6 Qc4 24. Qxc4 Rxc4 25. Bd2 Bc5 26. Ne5 Rc2 27. Nxf7 Bxa7 28. Nd6 Rd8 29. Nf5 d3 30. h3 Nd4 31. Be3 Nxf5 32. Bxa7 d2 33. Bf3 Rc1 34. Kg2 Rxd1 35. Bxd1 Rc8 36. g4 Nh4+ 37. Kg3 Ng6 38. Be3 Ne4+ 39. Kf3 Nc3 40. Bb3+ Kh8 41. Bxd2 Nb5 42. Be3 Rd8 43. Bf7 Ne5+ 44. Ke4 Nxf7 0-1

[Event "Titled Tuesday intern op 22nd Nov Early"]
[Site "Chess.com INT"]
[Date "2022.11.22"]
[Round "5"]
[White "Adithya, A Chullikkad"]
[Black "Gedgafov, Chamal"]
[Result "0-1"]
[WhiteElo "2206"]
[BlackElo "2118"]
[PlyCount "48"]
[EventDate "2022.11.22"]
[EventType "swiss (blitz)"]
[EventRounds "11"]
[EventCountry "USA"]
[SourceTitle "CBM 211 Extra"]
[Source "ChessBase"]
[SourceDate "2023.01.31"]
[SourceVersion "1"]
[SourceVersionDate "2023.01.31"]
[SourceQuality "1"]

1. d4 d5 2. Bf4 c5 3. c3 Nc6 4. e3 cxd4 5. exd4 Nf6 6. Bd3 Bg4 7. Qb3 Na5 8. Qa4+ Bd7 9. Qc2 Rc8 10. Nf3 Nc6 11. h3 Nb4 12. Qd2 Nxd3+ 13. Qxd3 Qb6 14. b3 Bb5 15. Qd2 Ne4 16. Qe3 e6 17. Ne5 Be7 18. f3 Nf6 19. Kf2 0-0 20. g4 Nd7 21. h4 Nxe5 22. Bxe5 Bd6 23. f4 Bxe5 24. Qe4 dxe4 0-1

[Event "Titled Tuesday intern op 22nd Nov Early"]
[Site "Chess.com INT"]
[Date "2022.11.22"]
[Round "3"]
[White "Rosh, Jain"]
[Black "Gedgafov, Chamal"]
[Result "1/2-1/2"]
[WhiteElo "2333"]
[BlackElo "2118"]
[PlyCount "157"]
[EventDate "2022.11.22"]
[EventType "swiss (blitz)"]
[EventRounds "11"]
[EventCountry "USA"]
[SourceTitle "CBM 211 Extra"]
[Source "ChessBase"]
[SourceDate "2023.01.31"]
[SourceVersion "1"]
[SourceVersionDate "2023.01.31"]
[SourceQuality "1"]

1. e4 e6 2. d4 d5 3. Nc3 dxe4 4. Nxe4 Nf6 5. Bg5 Nbd7 6. Nf3 h6 7. Bxf6 Nxf6 8. Bd3 c5 9. dxc5 Nxe4 10. Bxe4 Qa5+ 11. c3 Qxc5 12. 0-0 Be7 13. Qe2 Qc7 14. Rad1 a6 15. Rd4 Bf6 16. Rc4 Qb6 17. Rb4 Qc7 18. Rd1 0-0 19. Bc2 Rd8 20. Rxd8+ Qxd8 21. Rf4 Rb8 22. Qe4 g6 23. Rg4 Bg7 24. Ne5 Qd5 25. Nf3 Qxe4 26. Rxe4 Bd7 27. Re1 Bc6 28. Ne5 Bxe5 29. Rxe5 Rd8 30. Re2 Bb5 31. Re1 Rd2 32. Rc1 Kg7 33. f3 f5 34. b3 Bd3 35. Bxd3 Rxd3 36. a4 Rd2 37. b4 Ra2 38. a5 Rb2 39. Re1 Kf6 40. Re3 e5 41. Rd3 Ke7 42. Rd5 Re2 43. Rc5 Kd6 44. Kf1 Rc2 45. Rc8 h5 46. c4 e4 47. c5+ Kd7 48. Rg8 exf3 49. Rg7+ Kc6 50. gxf3 Rxh2 51. Rxg6+ Kc7 52. Rg5 Rb2 53. Rxf5 Rxb4 54. Rxh5 Ra4 55. Rh7+ Kc6 56. Rh6+ Kxc5 57. Rb6 Rxa5 58. Rxb7 Ra2 59. f4 Kd6 60. f5 Ke5 61. Rf7 Ra4 62. Rf8 Kd6 63. f6 Ke6 64. f7 Ke7 65. Rc8 Kxf7 66. Ke2 Rd4 67. Rc6 a5 68. Ke3 Rh4 69. Ra6 a4 70. Kd3 Ke7 71. Kc3 Kd7 72. Kb2 Kc7 73. Ka3 Kb7 74. Rxa4 Rh1 75. Kb4 Rb1+ 76. Ka5 Kc6 77. Rc4+ Kb7 78. Rb4+ Rxb4 79. Kxb4 1/2-1/2

[Event "Titled Tuesday intern op 22nd Nov Early"]
[Site "Chess.com INT"]
[Date "2022.11.22"]
[Round "1"]
[White "Sipila, Vilka"]
[Black "Gedgafov, Chamal"]
[Result "1-0"]
[WhiteElo "2434"]
[BlackElo "2118"]
[PlyCount "93"]
[EventDate "2022.11.22"]
[EventType "swiss (blitz)"]
[EventRounds "11"]
[EventCountry "USA"]
[SourceTitle "CBM 211 Extra"]
[Source "ChessBase"]
[SourceDate "2023.01.31"]
[SourceVersion "1"]
[SourceVersionDate "2023.01.31"]
[SourceQuality "1"]

1. d4 d5 2. Nf3 Nf6 3. Bf4 c5 4. e3 Nc6 5. Nbd2 Bg4 6. h3 Bh5 7. c3 e6 8. Qb3 Qb6 9. g4 Bg6 10. Ne5 c4 11. Qxb6 axb6 12. Nxg6 hxg6 13. a3 Nxg4 14. e4 Nf6 15. Bg2 b5 16. 0-0-0 b4 17. axb4 Kd7 18. Kc2 Be7 19. Ra1 b5 20. Bg5 Nxe4 21. Nxe4 dxe4 22. Bxe7 Nxe7 23. Bxe4 Nd5 24. Ra5 Rxa5 25. bxa5 f5 26. Bxd5 exd5 27. b4 Re8 28. Kd2 g5 29. Rg1 Rh8 30. Rxg5 Rxh3 31. Rxf5 Ke6 32. Rf8 Rh1 33. Re8+ Kd7 34. Rb8 Kc6 35. Rb6+ Kc7 36. Rxb5 Kc6 37. Rb6+ Kc7 38. Rg6 Ra1 39. Rxg7+ Kc6 40. Rg6+ Kc7 41. a6 Ra2+ 42. Kc1 Rxf2 43. b5 Rf1+ 44. Kb2 Rf2+ 45. Ka3 Rc2 46. b6+ Kb8 47. Rg8# 1-0

[Event "Titled Tuesday intern op 15th Nov Early"]
[Site "Chess.com INT"]
[Date "2022.11.15"]
[Round "8"]
[White "Gedgafov, Chamal"]
[Black "Dehtiarov, Roman"]
[Result "0-1"]
[WhiteElo "2118"]
[BlackElo "2300"]
[PlyCount "62"]
[EventDate "2022.11.15"]
[EventType "swiss (blitz)"]
[EventRounds "11"]
[EventCountry "USA"]
[SourceTitle "CBM 211 Extra"]
[Source "ChessBase"]
[SourceDate "2023.01.31"]
[SourceVersion "1"]
[SourceVersionDate "2023.01.31"]
[SourceQuality "1"]

1. d4 Nf6 2. Nf3 d5 3. Bf4 e6 4. e3 c5 5. c3 Qb6 6. Qb3 c4 7. Qc2 Nc6 8. Nbd2 Nh5 9. Bg3 g6 10. e4 Bg7 11. exd5 exd5 12. Bxc4 Nxg3 13. hxg3 dxc4 14. Nxc4 Qc7 15. 0-0 0-0 16. Rae1 Be6 17. Ne3 Rfd8 18. Rd1 Ne7 19. c4 Rac8 20. b3 b5 21. Qb2 bxc4 22. bxc4 Nf5 23. Nxf5 Bxf5 24. Rc1 Bd3 25. Rfd1 Bxc4 26. Nd2 Bxd4 27. Qa3 Bc5 28. Qc3 Bd5 29. Nf3 Bxf2+ 30. Kxf2 Qxc3 31. Rxc3 Rxc3 0-1

[Event "Titled Tuesday intern op 15th Nov Early"]
[Site "Chess.com INT"]
[Date "2022.11.15"]
[Round "2"]
[White "Gedgafov, Chamal"]
[Black "Ghosh, Chanchal Kumer"]
[Result "0-1"]
[WhiteElo "2118"]
[BlackElo "2055"]
[PlyCount "166"]
[EventDate "2022.11.15"]
[EventType "swiss (blitz)"]
[EventRounds "11"]
[EventCountry "USA"]
[SourceTitle "CBM 211 Extra"]
[Source "ChessBase"]
[SourceDate "2023.01.31"]
[SourceVersion "1"]
[SourceVersionDate "2023.01.31"]
[SourceQuality "1"]

1. d4 d5 2. Nf3 e6 3. g3 Nf6 4. Bg2 Bd6 5. 0-0 0-0 6. Re1 c5 7. c3 Nc6 8. Nbd2 cxd4 9. cxd4 e5 10. dxe5 Nxe5 11. Nxe5 Bxe5 12. Nf3 Bc7 13. Bg5 Be6 14. Nd4 Bb6 15. e3 h6 16. Bf4 Qd7 17. Nxe6 Qxe6 18. Rc1 Rac8 19. h4 Rfd8 20. Qd3 Ne4 21. Bxe4 dxe4 22. Qa3 Rxc1 23. Rxc1 f6 24. h5 Rd5 25. Qb3 Kh7 26. Rd1 Rxd1+ 27. Qxd1 Qxa2 28. Qd7 Qc4 29. Qf5+ Kh8 30. Qg6 Qe6 31. g4 Bc5 32. Kg2 Bf8 33. Bb8 a5 34. Bc7 a4 35. Bb8 b5 36. Ba7 b4 37. Bd4 a3 38. bxa3 bxa3 39. f3 exf3+ 40. Kxf3 a2 41. Qc2 Bd6 42. Qa4 Be5 43. Qa8+ Kh7 44. Qe4+ Kg8 45. Qa8+ Kf7 46. Qa7+ Ke8 47. Qa8+ Kd7 48. Qb7+ Bc7 49. Qb5+ Ke7 50. Bc5+ Kf7 51. Qb7 a1Q 52. Qxc7+ Kg8 53. Qd8+ Kh7 54. Qd3+ Kh8 55. Qd8+ Qg8 56. Qd3 Qe5 57. Bd4 Qee6 58. Kg3 Qgc8 59. Qe2 Qc7+ 60. Kh3 Qed6 61. Qg2 Qc1 62. Qa8+ Kh7 63. Qe4+ Kg8 64. Qe8+ Qf8 65. Qe6+ Kh8 66. Qe4 Qf1+ 67. Kh4 Qd8 68. Bb6 Qf8 69. Bc7 f5 70. gxf5 Q8xf5 71. Qe8+ Qf8 72. Qe4 Q1f6+ 73. Kg4 Qg5+ 74. Kh3 Qf1+ 75. Kh2 Qfg1+ 76. Kh3 Qf1+ 77. Kh2 Qxh5+ 78. Kg3 Qg5+ 79. Kh2 Qfg1+ 80. Kh3 Qh5+ 81. Qh4 Qh1+ 82. Bh2 Qxh4+ 83. Kxh4 Qxh2+ 0-1

[Event "Titled Tuesday intern op 15th Nov Early"]
[Site "Chess.com INT"]
[Date "2022.11.15"]
[Round "3"]
[White "Nissinen, Niilo Man"]
[Black "Gedgafov, Chamal"]
[Result "1-0"]
[WhiteElo "1996"]
[BlackElo "2118"]
[PlyCount "123"]
[EventDate "2022.11.15"]
[EventType "swiss (blitz)"]
[EventRounds "11"]
[EventCountry "USA"]
[SourceTitle "CBM 211 Extra"]
[Source "ChessBase"]
[SourceDate "2023.01.31"]
[SourceVersion "1"]
[SourceVersionDate "2023.01.31"]
[SourceQuality "1"]

1. e4 e6 2. d4 d5 3. e5 c5 4. c3 Ne7 5. Nf3 Nec6 6. a3 a5 7. Be2 b6 8. 0-0 Ba6 9. Bxa6 Nxa6 10. Bg5 Qc8 11. Nbd2 Nc7 12. Rc1 c4 13. Ne1 h6 14. Bh4 Ne7 15. f4 Nf5 16. Bf2 h5 17. g3 Be7 18. h3 Qd8 19. Qe2 h4 20. g4 Ng3 21. Bxg3 hxg3 22. Kg2 Qd7 23. Kxg3 Bh4+ 24. Kg2 Bxe1 25. Qxe1 g6 26. Rh1 0-0-0 27. Qg3 Qb5 28. Rc2 Qa4 29. Rhc1 Kb8 30. Nf3 Rh6 31. h4 Rdh8 32. Kf2 Qd7 33. Ke3 b5 34. Rh2 b4 35. axb4 axb4 36. Ra1 Kb7 37. Qe1 b3 38. Ra5 Ra8 39. Qa1 Rxa5 40. Qxa5 Rh8 41. h5 Ra8 42. Qb4+ Qb5 43. Qxb5+ Nxb5 44. h6 Rh8 45. h7 Kc7 46. Ng5 Nxc3 47. Nxf7 Nd1+ 48. Kd2 Rxh7 49. Rxh7 Nf2 50. Nd6+ Kc6 51. f5 gxf5 52. gxf5 exf5 53. Nxf5 Ne4+ 54. Kc1 c3 55. bxc3 Kb5 56. e6 Nf6 57. e7 Kc4 58. Nd6+ Kxc3 59. e8Q Nxe8 60. Nxe8 b2+ 61. Kb1 Kxd4 62. Kxb2 1-0

[Event "Titled Tuesday intern op 15th Nov Early"]
[Site "Chess.com INT"]
[Date "2022.11.15"]
[Round "9"]
[White "Sanchez, Roberto Daniel"]
[Black "Gedgafov, Chamal"]
[Result "1-0"]
[WhiteElo "1971"]
[BlackElo "2118"]
[PlyCount "87"]
[EventDate "2022.11.15"]
[EventType "swiss (blitz)"]
[EventRounds "11"]
[EventCountry "USA"]
[SourceTitle "CBM 211 Extra"]
[Source "ChessBase"]
[SourceDate "2023.01.31"]
[SourceVersion "1"]
[SourceVersionDate "2023.01.31"]
[SourceQuality "1"]

1. e4 e6 2. d4 d5 3. Nc3 dxe4 4. Nxe4 Nd7 5. Nf3 Ngf6 6. Ng3 Bd6 7. Bd3 0-0 8. c3 b6 9. Qe2 Bb7 10. Bg5 h6 11. Be3 c5 12. 0-0-0 Qc7 13. Kb1 Bf4 14. Bc2 Bxe3 15. fxe3 Rfe8 16. e4 cxd4 17. cxd4 Rac8 18. Rc1 Qb8 19. e5 Nd5 20. Qd2 Rc4 21. Bh7+ Kxh7 22. Rxc4 Ba6 23. Rcc1 b5 24. Ne4 b4 25. Nd6 Rf8 26. g4 Qb6 27. h4 Qa5 28. h5 Rb8 29. Ka1 N7b6 30. Rc5 Qa4 31. Qc2+ Qxc2 32. Rxc2 b3 33. Rc5 bxa2 34. g5 Be2 35. g6+ fxg6 36. hxg6+ Kxg6 37. Rg1+ Kh7 38. Nd2 Nb4 39. Rc7 Rg8 40. N2e4 h5 41. Nf6+ Kh8 42. Nxg8 Kxg8 43. Rgxg7+ Kf8 44. Rcf7# 1-0

[Event "Titled Tuesday intern op 25th Oct Late"]
[Site "Chess.com INT"]
[Date "2022.10.25"]
[Round "6"]
[White "Barbero Sendic, Alejandro"]
[Black "Gedgafov, Chamal"]
[Result "1-0"]
[WhiteElo "2343"]
[BlackElo "2167"]
[PlyCount "117"]
[EventDate "2022.10.25"]
[EventType "swiss (blitz)"]
[EventRounds "11"]
[EventCountry "USA"]
[SourceTitle "EXT 2024"]
[Source "ChessBase"]
[SourceDate "2023.10.10"]
[SourceVersion "1"]
[SourceVersionDate "2023.10.10"]
[SourceQuality "1"]

1. d4 d5 2. Nc3 e6 3. Bf4 c6 4. e4 dxe4 5. Nxe4 Nf6 6. Nxf6+ Qxf6 7. Qd2 a5 8. Nf3 Qd8 9. Bd3 Nd7 10. 0-0 Nf6 11. c4 a4 12. Rfe1 Qa5 13. Qc2 Be7 14. Re5 Qb4 15. Rae1 Bd6 16. Bd2 Qb6 17. c5 Qd8 18. cxd6 Qxd6 19. a3 Qd8 20. Bg5 h6 21. Bxf6 gxf6 22. R5e2 Qa5 23. h3 h5 24. Qc5 Qxc5 25. dxc5 Ra5 26. Rc1 Ke7 27. Nd4 Rd8 28. Nf5+ Kf8 29. Nd6 Ra7 30. Be4 f5 31. Bf3 h4 32. Rd2 Ke7 33. Rcd1 Rg8 34. Nxc8+ Rxc8 35. Rd7+ Kf6 36. Bh5 Rf8 37. Rc7 Ra5 38. Rxb7 Rxc5 39. Rdd7 Rc1+ 40. Kh2 Rc2 41. Rxf7+ Rxf7 42. Rxf7+ Ke5 43. Bd1 Rxb2 44. Bxa4 Ra2 45. Bxc6 Rxa3 46. Rh7 Ra2 47. Rxh4 Rxf2 48. Ra4 Rc2 49. Bf3 Kf6 50. Ra6 Rc1 51. Bd5 Re1 52. Rxe6+ Rxe6 53. Bxe6 Kxe6 54. Kg3 Kf7 55. Kf4 Kf6 56. h4 Kg6 57. h5+ Kxh5 58. Kxf5 Kh4 59. g4 1-0

[Event "Titled Tuesday intern op 25th Oct Late"]
[Site "Chess.com INT"]
[Date "2022.10.25"]
[Round "7"]
[White "Gedgafov, Chamal"]
[Black "Buchenau, Frank"]
[Result "1-0"]
[WhiteElo "2167"]
[BlackElo "2218"]
[PlyCount "49"]
[EventDate "2022.10.25"]
[EventType "swiss (blitz)"]
[EventRounds "11"]
[EventCountry "USA"]
[SourceTitle "EXT 2024"]
[Source "ChessBase"]
[SourceDate "2023.10.10"]
[SourceVersion "1"]
[SourceVersionDate "2023.10.10"]
[SourceQuality "1"]

1. c4 e5 2. g3 Nf6 3. Bg2 c6 4. Nc3 d5 5. cxd5 cxd5 6. Nf3 d4 7. Nb5 Nc6 8. 0-0 a6 9. Na3 e4 10. Ne1 Bf5 11. d3 Be7 12. Bg5 exd3 13. exd3 0-0 14. Nc4 h6 15. Bxf6 Bxf6 16. Bxc6 bxc6 17. Ng2 Re8 18. Re1 Qc7 19. Rc1 Bg5 20. Rc2 c5 21. Rce2 Rxe2 22. Qxe2 a5 23. Qf3 Qc8 24. Nd6 Bg4 25. Qxf7+ 1-0

[Event "Titled Tuesday intern op 25th Oct Late"]
[Site "Chess.com INT"]
[Date "2022.10.25"]
[Round "5"]
[White "Gedgafov, Chamal"]
[Black "Novik, Maxim"]
[Result "0-1"]
[WhiteElo "2167"]
[BlackElo "2412"]
[PlyCount "102"]
[EventDate "2022.10.25"]
[EventType "swiss (blitz)"]
[EventRounds "11"]
[EventCountry "USA"]
[SourceTitle "EXT 2024"]
[Source "ChessBase"]
[SourceDate "2023.10.10"]
[SourceVersion "1"]
[SourceVersionDate "2023.10.10"]
[SourceQuality "1"]

1. c4 c5 2. g3 g6 3. Bg2 Bg7 4. Nc3 Nc6 5. Rb1 e6 6. e3 Nge7 7. Nge2 d5 8. cxd5 exd5 9. d4 cxd4 10. Nxd4 Nxd4 11. exd4 0-0 12. 0-0 Bf5 13. Ra1 Rc8 14. Be3 Qb6 15. Nxd5 Nxd5 16. Bxd5 Rfd8 17. Qf3 Qxb2 18. Bxb7 Rc7 19. Be4 Bxe4 20. Qxe4 Bxd4 21. Bxd4 Qxd4 22. Qxd4 Rxd4 23. Rfd1 Rxd1+ 24. Rxd1 Rc2 25. Ra1 a5 26. a4 Rc4 27. Ra3 g5 28. Kg2 g4 29. h3 h5 30. hxg4 hxg4 31. Kf1 Re4 32. Kg2 Kg7 33. Ra1 f5 34. Ra3 Kf6 35. Ra1 Ke6 36. Ra3 Kd5 37. f3 Re2+ 38. Kf1 Rd2 39. fxg4 fxg4 40. Rb3 Ke4 41. Rb5 Rd5 42. Rxd5 Kxd5 43. Ke2 Kc4 44. Ke3 Kb4 45. Kf4 Kxa4 46. Kxg4 Kb5 47. Kf5 a4 48. g4 a3 49. g5 a2 50. g6 a1Q 51. Ke6 Qg7 0-1

[Event "Titled Tuesday intern op 25th Oct Late"]
[Site "Chess.com INT"]
[Date "2022.10.25"]
[Round "3"]
[White "Gedgafov, Chamal"]
[Black "Ozdemir, Serhan Berat"]
[Result "1-0"]
[WhiteElo "2167"]
[BlackElo "2116"]
[PlyCount "113"]
[EventDate "2022.10.25"]
[EventType "swiss (blitz)"]
[EventRounds "11"]
[EventCountry "USA"]
[SourceTitle "EXT 2024"]
[Source "ChessBase"]
[SourceDate "2023.10.10"]
[SourceVersion "1"]
[SourceVersionDate "2023.10.10"]
[SourceQuality "1"]

1. c4 Nf6 2. g3 g6 3. Bg2 Bg7 4. Nc3 0-0 5. e4 d6 6. Rb1 c5 7. a3 a5 8. Nge2 Nc6 9. 0-0 Be6 10. d3 Qd7 11. Nf4 Nd4 12. Be3 Ng4 13. Bxd4 Bxd4 14. Nxe6 Qxe6 15. Bh3 h5 16. Nd5 Rad8 17. Kg2 f5 18. exf5 Rxf5 19. f3 Rxd5 20. fxg4 Re5 21. gxh5 Re2+ 22. Kh1 Qe3 23. Qc1 Qxc1 24. Rbxc1 Bxb2 25. Rce1 Rxe1 26. Rxe1 Be5 27. hxg6 Kg7 28. Bf5 Rb8 29. a4 b6 30. Kg2 Rf8 31. Be4 Kf6 32. Rf1+ Kg7 33. Rxf8 Kxf8 34. h4 Kg7 35. Kf3 Kf6 36. g4 e6 37. g5+ Kg7 38. Kg4 Bc3 39. h5 Kh8 40. h6 Bd4 41. Kh5 Kg8 42. g7 Kf7 43. Bh7 Bxg7 44. hxg7 Kxg7 45. Kg4 Kxh7 46. Kh5 Kg7 47. g6 d5 48. Kg5 dxc4 49. dxc4 e5 50. Kf5 e4 51. Kxe4 Kxg6 52. Kd5 Kf6 53. Kc6 Ke5 54. Kxb6 Kd4 55. Kb5 Kc3 56. Kxc5 Kb3 57. Kb5 1-0

[Event "Titled Tuesday intern op 25th Oct Late"]
[Site "Chess.com INT"]
[Date "2022.10.25"]
[Round "4"]
[White "Guz, Ari"]
[Black "Gedgafov, Chamal"]
[Result "1-0"]
[WhiteElo "2305"]
[BlackElo "2167"]
[PlyCount "95"]
[EventDate "2022.10.25"]
[EventType "swiss (blitz)"]
[EventRounds "11"]
[EventCountry "USA"]
[SourceTitle "EXT 2024"]
[Source "ChessBase"]
[SourceDate "2023.10.10"]
[SourceVersion "1"]
[SourceVersionDate "2023.10.10"]
[SourceQuality "1"]

1. e4 e6 2. Qe2 e5 3. Nf3 Nc6 4. c3 Bc5 5. Nxe5 Nxe5 6. d4 Bd6 7. dxe5 Bxe5 8. f4 Bf6 9. Be3 d6 10. Nd2 Ne7 11. 0-0-0 Be6 12. g4 g6 13. f5 Bd7 14. Bg2 a5 15. g5 Be5 16. Nf3 Nc6 17. Nxe5 Nxe5 18. h4 a4 19. Bd4 Qe7 20. f6 Qe6 21. Kb1 Qc4 22. Qxc4 Nxc4 23. e5 0-0-0 24. Bd5 Be6 25. Bxe6+ fxe6 26. exd6 cxd6 27. b3 axb3 28. axb3 Na3+ 29. Kb2 Nb5 30. Bb6 Rd7 31. Rhe1 e5 32. Re4 Re8 33. Ra4 Nc7 34. Rda1 Rf7 35. Rd1 Kd7 36. Rc4 Ne6 37. b4 h6 38. Kb3 hxg5 39. hxg5 Rh8 40. Bc5 Nxc5+ 41. bxc5 Ke6 42. cxd6 Rd7 43. Rc7 Rhd8 44. c4 Rxd6 45. Rxd6+ Rxd6 46. Re7+ Kf5 47. f7 Rd8 48. Re8 1-0

[Event "Sochi IPCA op"]
[Site "Sochi"]
[Date "2022.10.03"]
[Round "2"]
[White "Gedgafov, Chamal"]
[Black "Eshmuratov, Abbas"]
[Result "1-0"]
[WhiteElo "2167"]
[BlackElo "1199"]
[PlyCount "45"]
[EventDate "2022.10.03"]
[EventType "swiss"]
[EventRounds "7"]
[EventCountry "RUS"]
[SourceTitle "CBM 210 Extra"]
[Source "ChessBase"]
[SourceDate "2022.11.30"]
[SourceVersion "1"]
[SourceVersionDate "2022.11.30"]
[SourceQuality "1"]

1. d4 d5 2. c4 c6 3. Nc3 e6 4. Nf3 Nf6 5. cxd5 Nxd5 6. e4 Nxc3 7. bxc3 g6 8. Bd3 Bg7 9. e5 0-0 10. h4 c5 11. h5 cxd4 12. cxd4 Nc6 13. Be3 Nb4 14. Be4 Nd5 15. Qd3 Bd7 16. hxg6 fxg6 17. Bxg6 hxg6 18. Qxg6 Nxe3 19. fxe3 Qa5+ 20. Kf2 Qd2+ 21. Kg3 Qxe3 22. Rh4 Rac8 23. Rah1 1-0

[Event "Titled Tuesday intern op 18th Jan"]
[Site "Chess.com INT"]
[Date "2022.01.18"]
[Round "8"]
[White "Gedgafov, Chamal"]
[Black "Morris Suzuki, Sophie"]
[Result "1-0"]
[WhiteElo "2198"]
[BlackElo "2067"]
[PlyCount "77"]
[EventDate "2022.01.18"]
[EventType "swiss (blitz)"]
[EventRounds "11"]
[EventCountry "USA"]
[SourceTitle "CBM 206 Extra"]
[Source "ChessBase"]
[SourceDate "2022.03.31"]
[SourceVersion "1"]
[SourceVersionDate "2022.03.31"]
[SourceQuality "1"]

1. d4 d5 2. Nf3 e6 3. Bf4 c5 4. e3 Bd6 5. Bg3 Nf6 6. Nbd2 0-0 7. c3 Nc6 8. Bd3 Qe7 9. Bxd6 Qxd6 10. 0-0 e5 11. dxe5 Nxe5 12. Nxe5 Qxe5 13. Qf3 Re8 14. Rfe1 Ne4 15. Bxe4 dxe4 16. Qf4 Qd5 17. Nb3 Be6 18. Red1 Qc6 19. Qd6 Rac8 20. Qxc6 Rxc6 21. Rd2 Rcc8 22. Rad1 Bc4 23. Na5 Ba6 24. Rd7 b6 25. Nb7 Rb8 26. Nd6 Red8 27. Nxf7 Rxd7 28. Rxd7 Bd3 29. Nd6 a6 30. f4 b5 31. g4 c4 32. h4 a5 33. f5 b4 34. g5 bxc3 35. bxc3 Rb1+ 36. Kg2 Kf8 37. Rf7+ Kg8 38. Re7 Rb8 39. h5 1-0